000 00590nam a2200229Ia 4500
003 OSt
005 20221006163915.0
006 a|||||r|||| 00| 0
007 ta
008 221006b |||||||| |||| 00| 0 eng d
024 _a649
037 _cTextual
040 _aFML
_cFML
_beng
041 _2eng
_aeng
082 _aNR5wx, K6
100 _aEwen David Au.
_9676169
245 0 _aThe Complete Book Of Classical Music
260 _aLondon
_bRobert Hale
_c1966
300 _a946
_ccm.
942 _hNR5wx, K6
_cTEXL
_2CC
999 _c1115692
_d1115692